01562nam a2200385 a 4500001001200000003000800012006001900020007001500039008004100054010001700095020002500112020002200137040002100159035002100180050002200201082001800223245014000241260004300381300002900424490004500453490002100498500005900519504005400578530003700632533015200669650002300821650003700844655002900881700001900910710001700929830004000946830004700986856012601033999001701159ebr10225509CaPaEBRm u cr cn|||||||||070828s2007 caub sb 000 0 eng  z 2007035778 z9780833041593 (pbk.) z0833041592 (pbk.) aCaPaEBRcCaPaEBR a(OCoLC)18484335414aU241b.M67 2007eb04a355.02/1822200aMoney in the bankh[electronic resource] :blessons learned from past counterinsurgency (COIN) operations /cAngel Rabasa ... [et al.]. aSanta Monica, CA :bRand Corp.,c2007. axxi, 80 p. :bcol. maps.1 aRand counterinsurgency study. Paper ;v41 aOccasional paper a"Prepared for the Office of the Secretary of Defense." aIncludes bibliographical references (p. [77]-80). aAlso available via the Internet. aElectronic reproduction.bPalo Alto, Calif. :cebrary,d2013.nAvailable via World Wide Web.nAccess may be limited to ebrary affiliated libraries. 0aCounterinsurgency. 0aCounterinsurgencyvCase studies. 7aElectronic books.2local1 aRabasa, Angel.2 aebrary, Inc. 0aOccasional paper (Rand Corporation) 0aRand counterinsurgency study.pPaper ;v4.40uhttp://site.ebrary.com/lib/rucke/Doc?id=10225509zAn electronic book accessible through the World Wide Web; click to view c26968d26968